| 000 | 00603nam a22001697a 4500 | ||
|---|---|---|---|
| 005 | 20251108172635.0 | ||
| 008 | 250721s1999 xx 000 0 ara d | ||
| 082 | 1 | 4 | _a327,16/ريز |
| 100 | 1 | _aريزمان، يغيم | |
| 245 | 1 | 0 |
_aالحج قبل مئة سنة : _bW 10ISOCODES_PROOFLIST" ùڈ³ 7w³ 10ITEM_BY_HOLDING_CENTER C\~ † 10IT / |
| 264 | 1 |
_aبيروت : _bدار التقريب بين المذاهب الإسلامية، _c1999. |
|
| 300 | _a365 ص | ||
| 650 | 1 | 7 | _aالصراع الدولي |
| 650 | 1 | 7 | _aشبه الجزيرة العربية |
| 942 |
_2ddc _cBK |
||
| 999 |
_c84733 _d84733 |
||